000 00314nam a2200133Ia 4500
008 220216s9999 xx 000 0 und d
245 0 _aFull-spiral tapping
260 _bR.R.I Planters Bulletin
_c1940
300 _a4-Jan
650 _aFull-spiral tapping
650 _aRubber
650 _aTapping
942 _cJS
999 _c59621
_d59621